• 首页
  • 本馆介绍
  • 公告通知
  • 最新文献
  • 馆藏检索
  • 电子资源
  • 读者导购
  • 参考咨询
  • 我的图书馆
  • 登录
  • 详细信息显示
  • 放入我的书架
  • 预约/预借图书
  • 作者相关作品
  • 分类相关作品
  • 丛书相关作品
  • 出版社相关作品

书目信息

  • 表格格式
  • 工作单格式
  • 卡片格式
题名:
海岸空间开发遥感监测与评估
    
 
作者: 索安宁 著
分册:  
出版信息: 北京   科学出版社  2017.04
页数: 209页
开本: 24cm
丛书名:
单 册:
中图分类: P715.7
科图分类:
主题词: 海岸--海洋遥感--评估 , 海岸--海洋遥感--监测
电子资源:
ISBN: 978-7-03-052019-7
000 01011nam0 2200241 450
001 1424
005 20180928101713.53
010    @a978-7-03-052019-7@dCNY118.00
100    @a20171018d2017 em y0chiy50 ea
101 0  @achi
102    @aCN@b110000
105    @aa z 000yy
200 1  @a海岸空间开发遥感监测与评估@9hai an kong jian kai fa yao gan jian ce yu ping gu@f索安宁著
210    @a北京@c科学出版社@d2017.04
215    @a209页@c图@d24cm
330    @a本书共8章,在分析海岸空间结构、人类开发利用的主要活动和海岸空间开发主要遥感监测数据的基础上,从海岸带陆地、海岸线、围填海、海域使用、滨海湿地、海岛、流域-河口7个方面研究构建了22种海岸空间开发遥感监测与评估技术方法,并就每种监测与评估技术方法选取典型区域开展了实证研究。
510 1  @aRemote sensing monitoring and assessment of coastal development@zeng
606 0  @a海岸@x海洋遥感@x评估
606 0  @a海岸@x海洋遥感@x监测
690    @aP715.7@v5
701  0 @a索安宁@9suo an ning@4著
801  0 @aCN@b91MARC@c20171018
905    @aMuseLib@dP715.7@e92
    
    海岸空间开发遥感监测与评估/索安宁著.-北京:科学出版社,2017.04
    209页:图;24cm
    
    
    ISBN 978-7-03-052019-7:CNY118.00
    本书共8章,在分析海岸空间结构、人类开发利用的主要活动和海岸空间开发主要遥感监测数据的基础上,从海岸带陆地、海岸线、围填海、海域使用、滨海湿地、海岛、流域-河口7个方面研究构建了22种海岸空间开发遥感监测与评估技术方法,并就每种监测与评估技术方法选取典型区域开展了实证研究。
●
相关链接 在E读中查询图书 在五车中查询图书 在当当中查询图书 在豆瓣中查询图书


正题名:海岸空间开发遥感监测与评估     索取号:P715.7/92         预约/预借

序号 登录号 条形码 馆藏地/架位号 状态 备注
1 1122610   211226109   第二样本阅览室/ [索取号:P715.7/92] 在馆    
2 1122611   211226118   第三借阅区/ [索取号:P715.7/92] 在馆    
3 1122612   211226127   第三借阅区/ [索取号:P715.7/92] 在馆    
4 1122613   211226136   第三借阅区/ [索取号:P715.7/92] 在馆    
唐山师范学院图书馆 欢迎您!
大连网信软件有限公司© 版权所有